| 000 | 01395cam a22003011i 4500 | ||
|---|---|---|---|
| 003 | SA-RiAUC | ||
| 005 | 20250909125327.0 | ||
| 008 | 250908s1970 iq g b 00000 ara c | ||
| 040 |
_aSA-JeALM _bara _cSA-RiAUC _erda |
||
| 082 | 0 | 4 | _a251 |
| 090 |
_a251 _b ا ب ن م |
||
| 100 | 1 |
_aابن المطهر الحلي، الحسن بن يوسف بن علي، _d648-726 هجري _eمؤلف. |
|
| 245 | 1 | 0 |
_aمبادئ الوصول إلى علم الأصول / _cتأليف جمال الدين أبي منصور الحسن بن يوسف بن علي بن المطهر الحلي ؛ تحقيق وتعليق عبد الحسين محمد علي البقال. |
| 250 | _aالطبعة الأولى. | ||
| 264 | 3 |
_aالنجف الأشرف : _bمطبعة الآداب _c1970 |
|
| 300 |
_a279 صفحة ؛ _c24 سم |
||
| 336 |
_aنص _btxt _2rdacontent _3كتاب |
||
| 337 |
_aبدون وسيط _bn _2rdamedia |
||
| 338 |
_aمجلد _bnc _2rdacarrier |
||
| 504 | _aيشتمل على إرجاعات ببليوجرافية. | ||
| 504 | _aببليوجرافية : صفحة 252-279. | ||
| 504 | _aيشتمل على إرجاعات ببليو جرافية. | ||
| 650 | 7 |
_aأصول الفقه الإسلامي _2aucsh |
|
| 650 | 7 |
_aفقه الشيعة _2aucsh |
|
| 700 | 1 |
_aالبقال، عبد الحسين محمد علي _eمحقق. |
|
| 942 |
_2ddc _cBOOK _n0 |
||
| 949 |
_aSA-JeALM _d250908 _uosman123 _n1 |
||
| 999 |
_c11554 _d11554 |
||